<?xml version="1.0" encoding="UTF-8"?>
<record
    xmlns:xsi="http://www.w3.org/2001/XMLSchema-instance"
    xsi:schemaLocation="http://www.loc.gov/MARC21/slim http://www.loc.gov/standards/marcxml/schema/MARC21slim.xsd"
    xmlns="http://www.loc.gov/MARC21/slim">

  <leader>00883nam a2200277 a 4500</leader>
  <controlfield tag="001">536</controlfield>
  <controlfield tag="003">BR-CuiBMT</controlfield>
  <controlfield tag="005">20231129060500.0</controlfield>
  <controlfield tag="008">231108s2006    spba          001 0 por d</controlfield>
  <datafield tag="020" ind1=" " ind2=" ">
    <subfield code="a">852244254</subfield>
  </datafield>
  <datafield tag="040" ind1=" " ind2=" ">
    <subfield code="a">BR-CuiBMT</subfield>
    <subfield code="c">BR-CuiBMT</subfield>
  </datafield>
  <datafield tag="080" ind1=" " ind2=" ">
    <subfield code="2">2007</subfield>
    <subfield code="a">347</subfield>
  </datafield>
  <datafield tag="090" ind1=" " ind2=" ">
    <subfield code="a">347</subfield>
    <subfield code="b">V464d</subfield>
    <subfield code="c">6. ed.</subfield>
  </datafield>
  <datafield tag="100" ind1="1" ind2=" ">
    <subfield code="a">Venosa, S&#xED;lvio de Salvo,</subfield>
    <subfield code="d">1945-</subfield>
  </datafield>
  <datafield tag="245" ind1="1" ind2="0">
    <subfield code="a">Direito civil /</subfield>
    <subfield code="c">S&#xED;lvio de Salvo Venosa.</subfield>
  </datafield>
  <datafield tag="250" ind1=" " ind2=" ">
    <subfield code="a">6. ed.</subfield>
  </datafield>
  <datafield tag="260" ind1=" " ind2=" ">
    <subfield code="a">S&#xE3;o Paulo :</subfield>
    <subfield code="b">Atlas,</subfield>
    <subfield code="c">2006.</subfield>
  </datafield>
  <datafield tag="300" ind1=" " ind2=" ">
    <subfield code="a">7 v. :</subfield>
    <subfield code="b">il. ;</subfield>
    <subfield code="c">25 cm</subfield>
  </datafield>
  <datafield tag="490" ind1="1" ind2=" ">
    <subfield code="a">Cole&#xE7;&#xE3;o direito civil</subfield>
  </datafield>
  <datafield tag="504" ind1=" " ind2=" ">
    <subfield code="a">Inclui bibliografia e &#xED;ndice.</subfield>
  </datafield>
  <datafield tag="505" ind1="1" ind2=" ">
    <subfield code="a">v. 1. Parte geral -- v. 2. Teoria geral das obriga&#xE7;&#xF5;es e teoria geral dos contratos -- v. 3. Contratos em esp&#xE9;cie</subfield>
  </datafield>
  <datafield tag="590" ind1=" " ind2=" ">
    <subfield code="a">A Biblioteca possui somente os volumes 1, 2 e 3.</subfield>
  </datafield>
  <datafield tag="650" ind1=" " ind2=" ">
    <subfield code="a">Direito civil</subfield>
    <subfield code="z">Brasil</subfield>
  </datafield>
  <datafield tag="830" ind1=" " ind2="0">
    <subfield code="a">Direito civil</subfield>
  </datafield>
  <datafield tag="942" ind1=" " ind2=" ">
    <subfield code="2">udc</subfield>
    <subfield code="c">LV</subfield>
  </datafield>
  <datafield tag="952" ind1=" " ind2=" ">
    <subfield code="0">0</subfield>
    <subfield code="1">0</subfield>
    <subfield code="2">udc</subfield>
    <subfield code="4">0</subfield>
    <subfield code="7">0</subfield>
    <subfield code="a">BIBTCEMT</subfield>
    <subfield code="b">BIBTCEMT</subfield>
    <subfield code="d">2023-11-08</subfield>
    <subfield code="h">v. 1</subfield>
    <subfield code="l">0</subfield>
    <subfield code="o">347 V464d 6. ed.</subfield>
    <subfield code="p">BIBTCEMT23110311</subfield>
    <subfield code="r">2023-11-08</subfield>
    <subfield code="t">Ex. 1</subfield>
    <subfield code="w">2023-11-08</subfield>
    <subfield code="y">LV</subfield>
  </datafield>
  <datafield tag="952" ind1=" " ind2=" ">
    <subfield code="0">0</subfield>
    <subfield code="1">0</subfield>
    <subfield code="2">udc</subfield>
    <subfield code="4">0</subfield>
    <subfield code="7">0</subfield>
    <subfield code="a">BIBTCEMT</subfield>
    <subfield code="b">BIBTCEMT</subfield>
    <subfield code="d">2023-11-08</subfield>
    <subfield code="h">v. 2</subfield>
    <subfield code="l">0</subfield>
    <subfield code="o">347 V464d 6. ed.</subfield>
    <subfield code="p">BIBTCEMT23110312</subfield>
    <subfield code="r">2023-11-08</subfield>
    <subfield code="t">Ex. 1</subfield>
    <subfield code="w">2023-11-08</subfield>
    <subfield code="y">LV</subfield>
  </datafield>
  <datafield tag="952" ind1=" " ind2=" ">
    <subfield code="0">0</subfield>
    <subfield code="1">0</subfield>
    <subfield code="2">udc</subfield>
    <subfield code="4">0</subfield>
    <subfield code="7">0</subfield>
    <subfield code="a">BIBTCEMT</subfield>
    <subfield code="b">BIBTCEMT</subfield>
    <subfield code="d">2023-11-08</subfield>
    <subfield code="h">v. 3</subfield>
    <subfield code="l">0</subfield>
    <subfield code="o">347 V464d 6. ed.</subfield>
    <subfield code="p">BIBTCEMT23110313</subfield>
    <subfield code="r">2023-11-08</subfield>
    <subfield code="t">Ex. 1</subfield>
    <subfield code="w">2023-11-08</subfield>
    <subfield code="y">LV</subfield>
  </datafield>
  <datafield tag="999" ind1=" " ind2=" ">
    <subfield code="c">536</subfield>
    <subfield code="d">536</subfield>
  </datafield>
</record>
